Statistiques concernant Tous les jeux Mario 3ds

Cliquez ici pour prendre le quiz!

Statistiques générales

  • Ce quiz a été pris 26 fois
    (14 depuis la dernière actualisation)
  • Le résultat moyen est 5 sur 20

Statistiques - réponses

Date sortieNom% Correct
12/2011Mario Kart 7
86%
11/2011Super Mario 3D Land
79%
12/2017Mario Party The Top 100
50%
01/2014Mario Party Island Tour
43%
08/2012New Super Mario Bros. 2
43%
10/2016Mario Party Star Rush
36%
05/2012Mario Tennis Open
36%
07/2013Mario & Luigi : Dream team Bros.
29%
12/2015Mario & Luigi : Paper Jam Bros.
21%
02/2012Mario et Sonic aux Jeux Olympiques de Londres 2012
21%
12/2016Super Mario Maker 3ds
21%
03/2017Mario Sports Superstars
14%
12/2012Paper Mario Sticker Star
14%
10/2017Mario & Luigi : Superstar Saga + Les sbires de Bowser
7%
01/2019Mario & Luigi : Voyage au centre de Bowser + L'épopée de Bowser Jr.
7%
04/2016Mario et Sonic aux Jeux Olympiques de Rio 2016
7%
05/2014Mario Golf World Tour
7%
06/2015Dr. Mario Miracle Cure
0%
05/2013Mario et Donkey Kong Minis on the Move
0%
03/2015Mario vs. Donkey Kong Tipping Star
0%

Distribution des résultats

Percentile par nombre de réponses

% des personnes avec chaque résultat

Votre développement - résultats

Vous n’avez pas pris ce quiz depuis la dernière actualisation